000
00326nam a2200157Ia 4500
100
_a
Lange/N.A
650
_a
Chemistry
942
_c
BK
654
_a
Handbook
245
_a
Handbook of Chemistry
260
_b
Handbook Publishers
_a
Ohio
_c
1949
082
_a
540
_b
LAN
300
_a
1920
546
_a
ENGLISH
999
_c
23854
_d
23854